[Event "WCU Winter Major"]
[Site "Bridgend"]
[Date "2026.01.25"]
[Round "5.3"]
[White "Matheson, Micah"]
[Black "Thomas, Kevin"]
[Result "0-1"]
[WhiteElo "1359"]
[BlackElo "1737"]
[WhiteFideId "-1"]
[BlackFideId "-1"]
[PlyCount "56"]
[GameId "2273510233604148"]
[EventDate "2026.01.23"]
[EventType "swiss"]
[EventRounds "5"]
[EventCountry "WLS"]

1. Nf3 Nf6 2. g3 g6 3. Bg2 Bg7 4. O-O O-O 5. d3 d6 6. Nc3 Nc6 7. e4 e5 8. Be3 Be6 9. Qd2 Ng4 10. h3 Nxe3 11. Qxe3 Nd4 12. Nxd4 exd4 13. Qd2 dxc3 14. bxc3 c6 15. d4 Qd7 16. g4 Bc4 17. Rfe1 Rae8 18. f4 b5 19. e5 dxe5 20. fxe5 Bd5 21. Bf1 f6 22. exf6 Bxf6 23. g5 Bg7 24. a4 a6 25. axb5 axb5 26. Ra6 Qf5 27. Bd3 Qxh3 28. Ra7 Qh1# 0-1

[Event "WCU Winter Major"]
[Site "Bridgend"]
[Date "2026.01.25"]
[Round "5.4"]
[White "Murthy, Arush"]
[Black "Heatman, Jordan"]
[Result "0-1"]
[WhiteElo "1613"]
[BlackElo "1784"]
[WhiteFideId "-1"]
[BlackFideId "-1"]
[PlyCount "60"]
[GameId "2273511088578622"]
[EventDate "2026.01.23"]
[EventType "swiss"]
[EventRounds "5"]
[EventCountry "WLS"]

1. d4 Nf6 2. c4 c5 3. d5 e6 4. Nc3 exd5 5. cxd5 d6 6. e4 g6 7. f4 Bg7 8. Nf3 O-O 9. h3 Re8 10. Bd3 c4 11. Bc2 b5 12. a3 Nbd7 13. O-O Bb7 14. Re1 Nc5 15. Nd2 a5 16. Qf3 Nxd5 17. Re2 Nxc3 18. bxc3 d5 19. exd5 Rxe2 20. Qxe2 Bxc3 21. Rb1 Qxd5 22. Rxb5 Bc6 23. Be4 Qd4+ 24. Kh1 Nxe4 25. Nxe4 Bxb5 26. Ng5 Re8 27. Qf3 Re1+ 28. Kh2 Rxc1 29. Nxf7 Kxf7 30. Qb7+ Qd7 0-1

[Event "WCU Winter Major"]
[Site "Bridgend"]
[Date "2026.01.25"]
[Round "5.5"]
[White "Harper, Gareth JM"]
[Black "Williams, Stephen"]
[Result "1-0"]
[WhiteElo "1846"]
[BlackElo "1655"]
[WhiteFideId "-1"]
[PlyCount "71"]
[GameId "2273511818567752"]
[EventDate "2026.01.23"]
[EventType "swiss"]
[EventRounds "5"]
[EventCountry "WLS"]

1. e4 e6 2. d4 d5 3. Nc3 Nf6 4. e5 Ng8 5. f4 c5 6. Nf3 Nh6 7. Bb5+ Bd7 8. Bxd7+ Qxd7 9. Be3 Nf5 10. Bf2 cxd4 11. Nxd4 Nxd4 12. Bxd4 Nc6 13. Ne2 Rc8 14. c3 a6 15. O-O h5 16. Rf3 Ne7 17. Qd2 h4 18. Rh3 Rh6 19. Bf2 Nf5 20. Nd4 Be7 21. Nxf5 exf5 22. Rd1 Rc4 23. b3 Re4 24. c4 f6 25. Rd3 fxe5 26. Rxd5 Qc6 27. Rd8+ Kf7 28. Rd7 Rxf4 29. Be3 Rd4 30. Rxd4 Rg6 31. Rd5 f4 32. Qf2 Ke8 33. Bc5 Bxc5 34. Qxc5 Rxg2+ 35. Kxg2 Qg6+ 36. Kf1 1-0

[Event "WCU Winter Major"]
[Site "Bridgend"]
[Date "2026.01.25"]
[Round "5.6"]
[White "Potier, Julien"]
[Black "Browse, Joseph"]
[Result "0-1"]
[WhiteElo "1521"]
[BlackElo "1792"]
[WhiteFideId "-1"]
[PlyCount "124"]
[GameId "2273512753356887"]
[EventDate "2026.01.23"]
[EventType "swiss"]
[EventRounds "5"]
[EventCountry "WLS"]

1. e4 g6 2. Nf3 Bg7 3. d4 d6 4. c3 e6 5. Be2 Ne7 6. O-O Nd7 7. Bg5 h6 8. Be3 b6 9. a4 a6 10. Na3 Bb7 11. Bd3 Nf6 12. Qc2 d5 13. e5 Nd7 14. b4 c5 15. bxc5 bxc5 16. Qd2 Bc6 17. Bc2 a5 18. Rfb1 Nf5 19. Bxf5 gxf5 20. Nb5 Bxb5 21. Rxb5 cxd4 22. cxd4 Bf8 23. Qd3 Bb4 24. Ne1 Nb6 25. Nc2 Be7 26. Rab1 Nc4 27. Bc1 Kf8 28. Ne3 Nxe3 29. Bxe3 Bb4 30. Bd2 Bxd2 31. Qxd2 Kg7 32. Rb7 Qg5 33. f4 Qh4 34. R1b3 Rhc8 35. Rd7 Rab8 36. g3 Qg4 37. Rbb7 Rxb7 38. Rxb7 Rc4 39. Ra7 Rxa4 40. Rxa5 Rxa5 41. Qxa5 Qd1+ 42. Kg2 Qe2+ 43. Kg1 Qe3+ 44. Kg2 Qxd4 45. Kf1 Qc4+ 46. Ke1 Qc1+ 47. Kf2 Qc8 48. Qd2 Kg6 49. h3 Qc5+ 50. Kf3 Qa3+ 51. Kf2 Qb3 52. Kg2 Qc4 53. g4 d4 54. Kf2 d3 55. Ke3 Qe4+ 56. Kf2 fxg4 57. hxg4 h5 58. gxh5+ Kxh5 59. Qe3 Qxe3+ 60. Kxe3 Kg4 61. Kxd3 Kxf4 62. Kd4 Kf5 0-1

[Event "WCU Winter Major"]
[Site "Bridgend"]
[Date "2026.01.25"]
[Round "5.7"]
[White "Jones, Gavin"]
[Black "Wilkins, Zack"]
[Result "1-0"]
[WhiteElo "1766"]
[BlackElo "1648"]
[WhiteFideId "-1"]
[BlackFideId "-1"]
[PlyCount "61"]
[GameId "2273514075660385"]
[EventDate "2026.01.23"]
[EventType "swiss"]
[EventRounds "5"]
[EventCountry "WLS"]

{[%evp 0,61,12,35,16,-2,36,0,16,2,0,0,-111,-7,-10,-2,0,-24,-8,-23,-31,-43,-8,-41,-40,-46,-7,126,-8,-6,0,-15,-37,-14,-21,0,-5,-14,-14,0,110,170,157,159,183,183,173,191,142,159,205,211,212,192,194,229,322,322,459,382,395,380,371,321]} 1. d4 d5 2. Bg5 Nf6 3. Bxf6 exf6 4. e3 Be6 5. Nd2 Nd7 6. Ngf3 Nb6 7. Bd3 g6 8. Qe2 Bg7 9. h4 h5 10. b3 O-O 11. O-O Rc8 12. c4 c6 13. c5 Nd7 14. b4 Re8 15. Qd1 Bg4 16. Qc2 Bh6 17. Nh2 f5 18. g3 Nf6 19. Kg2 f4 20. Nxg4 Nxg4 21. exf4 Bg7 22. Nf3 Rc7 23. Rfe1 Rce7 24. Rxe7 Rxe7 25. Rb1 a6 26. a4 Qe8 27. b5 Re3 28. bxa6 bxa6 29. Ne5 Bxe5 30. fxe5 Qe6 31. Qd2 1-0

[Event "WCU Winter Major"]
[Site "Bridgend"]
[Date "2026.01.25"]
[Round "5.8"]
[White "Ramzan, Timur"]
[Black "Richards, Benjamin James"]
[Result "1-0"]
[WhiteElo "1658"]
[BlackElo "1650"]
[BlackFideId "-1"]
[PlyCount "48"]
[GameId "2273515059908731"]
[EventDate "2026.01.23"]
[EventType "swiss"]
[EventRounds "5"]
[EventCountry "WLS"]

1. e4 e6 2. d4 d5 3. exd5 exd5 4. Bd3 Nc6 5. c3 Nf6 6. Nf3 Bd6 7. Bg5 Qe7+ 8. Be3 Bd7 9. O-O O-O-O 10. Nbd2 h6 11. Re1 Ne4 12. c4 dxc4 13. Bxe4 f5 14. Bxc6 Bxc6 15. Bg5 Qf7 16. Bxd8 Rxd8 17. Qe2 g5 18. Qe6+ Qxe6 19. Rxe6 g4 20. Nh4 Bb4 21. Nf1 Be4 22. a3 Ba5 23. Re5 Bb6 24. Nxf5 Rxd4 1-0

[Event "WCU Winter Major"]
[Site "Bridgend"]
[Date "2026.01.25"]
[Round "5.9"]
[White "Penny, Liam"]
[Black "Peters, Chris"]
[Result "1-0"]
[WhiteElo "1793"]
[BlackElo "1672"]
[BlackFideId "-1"]
[PlyCount "73"]
[GameId "2273515873124485"]
[EventDate "2026.01.23"]
[EventType "swiss"]
[EventRounds "5"]
[EventCountry "WLS"]

1. d4 Nf6 2. Nc3 e6 3. Bf4 Bb4 4. Qd3 Bxc3+ 5. Qxc3 Nd5 6. Qg3 Nxf4 7. Qxf4 d6 8. O-O-O Qf6 9. Qxf6 gxf6 10. g3 Bd7 11. Bg2 c6 12. e3 Na6 13. Ne2 Nb4 14. a3 Nd5 15. e4 Nc7 16. f4 O-O-O 17. Rhf1 Be8 18. Bh3 d5 19. e5 f5 20. g4 h5 21. gxf5 exf5 22. Bxf5+ Bd7 23. Bxd7+ Kxd7 24. f5 Rdg8 25. Rg1 b6 26. Rxg8 Rxg8 27. Rg1 Rxg1+ 28. Nxg1 c5 29. c3 Ke7 30. Kd2 Kf8 31. h4 Kg7 32. Ne2 a6 33. Nf4 Kh6 34. dxc5 bxc5 35. b4 cxb4 36. axb4 Kh7 37. Kd3 1-0

[Event "WCU Winter Major"]
[Site "Bridgend"]
[Date "2026.01.25"]
[Round "5.10"]
[White "Wallace, Robert"]
[Black "Hurn, Robert Aj"]
[Result "0-1"]
[WhiteElo "1545"]
[BlackElo "1689"]
[WhiteFideId "-1"]
[PlyCount "76"]
[GameId "2273539054460981"]
[EventDate "2026.01.23"]
[EventType "swiss"]
[EventRounds "5"]
[EventCountry "WLS"]

{[%evp 0,76,12,27,27,59,20,4,5,-16,-23,-26,5,-24,-2,-19,-17,-24,-8,2,59,12,35,-39,81,-22,-14,-24,-25,-27,-27,-12,-26,-80,17,-62,-39,-149,-158,-138,-182,-130,-148,-145,-127,-208,-213,-145,-149,-158,-144,-166,-141,-125,-134,-153,-116,-167,-77,-106,-51,-418,-246,-357,-235,-184,-254,-256,-268,-287,-247,-762,-665,-769,-715,-789,-847,-877,-798]} 1. e4 c5 2. Nf3 d6 3. c3 Nf6 4. e5 dxe5 5. Nxe5 a6 6. Bc4 e6 7. d4 cxd4 8. cxd4 Be7 9. O-O O-O 10. Nc3 Nbd7 11. f4 Qc7 12. Bd3 b5 13. Be3 Bb7 14. Rc1 Qd8 15. a3 Rc8 16. Qe1 Nb6 17. Qg3 Nc4 18. f5 Nxe5 19. dxe5 Qxd3 20. exf6 Bxf6 21. Rcd1 Qc4 22. Bg5 Bxg5 23. Qxg5 exf5 24. Rxf5 Rfe8 25. h4 Qc6 26. Rdf1 Qb6+ 27. Kh1 Rf8 28. h5 Qd8 29. Qg3 Rc4 30. h6 Rh4+ 31. Kg1 Rxh6 32. Rg5 Rg6 33. Rxg6 hxg6 34. Ne2 Re8 35. Nd4 Qxd4+ 36. Kh2 Qxb2 37. Rf2 Qd4 38. Rf1 Qe5 0-1

[Event "WCU Winter Major"]
[Site "Bridgend"]
[Date "2026.01.25"]
[Round "5.11"]
[White "George, Naveen Daniel"]
[Black "Cooke, Mark"]
[Result "1-0"]
[WhiteElo "1624"]
[BlackElo "1619"]
[WhiteFideId "-1"]
[BlackFideId "-1"]
[PlyCount "49"]
[GameId "2273539059367996"]
[EventDate "2026.01.23"]
[EventType "swiss"]
[EventRounds "5"]
[EventCountry "WLS"]

{[%evp 0,49,12,26,18,18,49,54,23,32,38,33,124,152,107,95,184,133,170,132,165,223,169,201,296,408,301,260,358,297,342,272,392,384,511,405,439,216,450,453,383,472,563,486,591,506,314,460,452,453,657,635]} 1. e4 e5 2. Nf3 d5 3. exd5 e4 4. Qe2 Nf6 5. d3 Bd6 6. dxe4 O-O 7. Nc3 Bg4 8. Qd3 Nbd7 9. Be3 Bb4 10. Nd2 Ne5 11. Qd4 Bxc3 12. Qxc3 Re8 13. f3 Bh5 14. Be2 Bg6 15. O-O b6 16. Rad1 Nfd7 17. Nc4 Qh4 18. Nxe5 Nxe5 19. Bf2 Qg5 20. Bg3 Nd7 21. Bb5 Qe7 22. d6 cxd6 23. Bxd6 Qe6 24. Bg3 Re7 25. Rd6 1-0

[Event "WCU Winter Major"]
[Site "Bridgend"]
[Date "2026.01.25"]
[Round "5.12"]
[White "Scarpignato, Samuele"]
[Black "Probert, Malcolm"]
[Result "1/2-1/2"]
[WhiteElo "1710"]
[BlackElo "1669"]
[WhiteFideId "-1"]
[PlyCount "54"]
[GameId "2273539799732310"]
[EventDate "2026.01.23"]
[EventType "swiss"]
[EventRounds "5"]
[EventCountry "WLS"]

1. d4 d5 2. Bf4 Nf6 3. e3 g6 4. Nc3 Bg7 5. Nb5 Na6 6. a4 c6 7. Na3 Nc7 8. Bd3 O-O 9. Nf3 b6 10. O-O Bb7 11. c3 Ne6 12. Be5 c5 13. Nb1 Rc8 14. Qe2 c4 15. Bc2 a6 16. Nbd2 Qd7 17. Ra2 Bc6 18. Rc1 b5 19. axb5 axb5 20. e4 dxe4 21. Bxe4 Nxe4 22. Nxe4 Qd5 23. Ned2 Ra8 24. Rca1 Rxa2 25. Rxa2 Ra8 26. Rxa8+ Bxa8 27. Bxg7 Kxg7 1/2-1/2

[Event "WCU Winter Major"]
[Site "Bridgend"]
[Date "2026.01.25"]
[Round "5.13"]
[White "Brain, Peter"]
[Black "Phillips, Thomas"]
[Result "1/2-1/2"]
[WhiteElo "1587"]
[BlackElo "1707"]
[WhiteFideId "-1"]
[BlackFideId "-1"]
[PlyCount "39"]
[GameId "2273540939104415"]
[EventDate "2026.01.23"]
[EventType "swiss"]
[EventRounds "5"]
[EventCountry "WLS"]

1. e4 e5 2. Nf3 Nc6 3. d4 exd4 4. Nxd4 Nxd4 5. Qxd4 c5 6. Qe3 d6 7. Nc3 Nf6 8. Bb5+ Bd7 9. Bxd7+ Qxd7 10. f3 Be7 11. Bd2 O-O 12. O-O-O Rfe8 13. Be1 h6 14. Kb1 b5 15. Bh4 b4 16. Bxf6 Bxf6 17. Nd5 Bd4 18. Qf4 Rab8 19. Qg3 Re6 20. Nf4 1/2-1/2

[Event "WCU Winter Major"]
[Site "Bridgend"]
[Date "2026.01.25"]
[Round "5.14"]
[White "Bartlett-Davis, Otto"]
[Black "Gardner, Vincent"]
[Result "1-0"]
[WhiteElo "1626"]
[BlackElo "1310"]
[WhiteFideId "-1"]
[BlackFideId "-1"]
[PlyCount "73"]
[GameId "2273541563781299"]
[EventDate "2026.01.23"]
[EventType "swiss"]
[EventRounds "5"]
[EventCountry "WLS"]

1. d4 Nf6 2. c4 g6 3. Nc3 Bg7 4. e4 d6 5. Be2 O-O 6. Be3 Nbd7 7. h3 b6 8. Bf3 Rb8 9. Nge2 c5 10. d5 Ba6 11. Qa4 Qc8 12. Ng3 Ne5 13. Be2 Qb7 14. f4 Ned7 15. O-O Ne8 16. Qc2 Nc7 17. Rab1 b5 18. b4 Qc8 19. bxc5 bxc4 20. cxd6 exd6 21. Bxa7 Ra8 22. Be3 Re8 23. Rb4 f5 24. Bxc4 Bxc3 25. Qxc3 fxe4 26. Bd4 Nxd5 27. Bxd5+ Kf8 28. Bxa8 Qxc3 29. Bxc3 Bxf1 30. Kxf1 Rxa8 31. Nxe4 d5 32. Ng5 Kg8 33. Rb5 Rxa2 34. Rxd5 Nf8 35. Rd8 Ra7 36. Bb4 Kg7 37. Rxf8 1-0

[Event "WCU Winter Major"]
[Site "Bridgend"]
[Date "2026.01.25"]
[Round "5.15"]
[White "Zhuravlev, Andrei"]
[Black "Wiltshire, Bob"]
[Result "0-1"]
[WhiteElo "1470"]
[BlackElo "1550"]
[WhiteFideId "-1"]
[BlackFideId "-1"]
[PlyCount "140"]
[GameId "2273543294578919"]
[EventDate "2026.01.23"]
[EventType "swiss"]
[EventRounds "5"]
[EventCountry "WLS"]

1. e4 e6 2. d4 d5 3. exd5 exd5 4. Nf3 Bd6 5. Nc3 c6 6. Bd3 Bg4 7. h3 Bh5 8. g4 Bg6 9. Be3 Nd7 10. Qe2 Ne7 11. O-O-O Qc7 12. Rhe1 O-O-O 13. Bg5 Rde8 14. Be3 f5 15. Nh4 f4 16. Bd2 Nf5 17. Qxe8+ Bxe8 18. Nxf5 Nf6 19. g5 Nh5 20. Re6 Bb4 21. Rde1 Bf7 22. R6e5 Bg6 23. Ne7+ Bxe7 24. Rxe7 Qd8 25. Bxg6 hxg6 26. R1e6 a6 27. Na4 Ng3 28. Bxf4 Nf5 29. Rc7+ Qxc7 30. Bxc7 Kxc7 31. Rxg6 Rxh3 32. Nc3 Rf3 33. Nd1 Kb6 34. c3 Kc7 35. Kd2 Kd7 36. Ke2 Rh3 37. Ne3 Rxe3+ 38. fxe3 Ke7 39. Kf3 Kf7 40. Rxg7+ Kxg7 41. e4 dxe4+ 42. Kxe4 Nd6+ 43. Kd3 Kg6 44. c4 Kxg5 45. Kc3 Kf5 46. Kb4 Ke4 47. Kc5 Nc8 48. d5 cxd5 49. cxd5 Ke5 50. a4 a5 51. b4 axb4 52. Kxb4 Kxd5 53. Kb5 Kd6 54. a5 Kc7 55. Kc5 Na7 56. Kd5 Nc6 57. a6 bxa6 58. Kc5 a5 59. Kb5 Kd6 60. Ka4 Kc5 61. Ka3 Kb5 62. Kb3 a4+ 63. Ka3 Na5 64. Kb2 Kb4 65. Ka1 Kb3 66. Kb1 Nc6 67. Ka1 Nd4 68. Kb1 a3 69. Ka1 Nc2+ 70. Kb1 a2+ 0-1

[Event "WCU Winter Major"]
[Site "Bridgend"]
[Date "2026.01.25"]
[Round "5.16"]
[White "Stannard, Mike"]
[Black "Hill, Glyn"]
[Result "1-0"]
[WhiteElo "1533"]
[BlackElo "1413"]
[WhiteFideId "-1"]
[BlackFideId "-1"]
[PlyCount "75"]
[GameId "2273545919987954"]
[EventDate "2026.01.23"]
[EventType "swiss"]
[EventRounds "5"]
[EventCountry "WLS"]

1. d4 d5 2. Nc3 Bf5 3. Bf4 a6 4. e3 e6 5. g4 Bg6 6. h4 h5 7. g5 Bb4 8. Bd3 Ne7 9. Be5 Rg8 10. Nge2 Bxd3 11. Qxd3 g6 12. O-O-O Nbc6 13. Bf6 Qd6 14. e4 Bxc3 15. Nxc3 Qf4+ 16. Qd2 Qxd2+ 17. Rxd2 dxe4 18. Nxe4 O-O-O 19. Rhd1 Rd5 20. Bxe7 Nxe7 21. Nf6 Rgd8 22. Nxd5 Rxd5 23. c3 Nf5 24. Rh1 b6 25. Re2 Kd7 26. Re5 Rxe5 27. dxe5 Kc6 28. Kc2 Kd5 29. Rd1+ Kxe5 30. Rd7 Nxh4 31. Rxf7 Ng2 32. Kd2 h4 33. Ke2 h3 34. Kf3 Nf4 35. Rxf4 h2 36. Rh4 Kf5 37. Rxh2 Kxg5 38. Ke4 1-0

[Event "WCU Winter Major"]
[Site "Bridgend"]
[Date "2026.01.25"]
[Round "5.17"]
[White "Edwards, Jonathan"]
[Black "Belochkin, David"]
[Result "1-0"]
[Annotator "Home"]
[WhiteElo "1424"]
[BlackElo "1532"]
[WhiteFideId "-1"]
[BlackFideId "-1"]
[PlyCount "79"]
[GameId "2273546875826427"]
[EventDate "2026.01.23"]
[EventType "swiss"]
[EventRounds "5"]
[EventCountry "WLS"]

{[%evp 0,79,12,26,22,35,17,7,39,4,19,12,12,62,10,0,-64,-18,16,-25,-22,-53,-42,-42,-49,-43,12,-107,-63,-113,-42,-61,-11,-44,147,-13,56,-179,-47,-28,-33,-27,-27,-6,46,-43,69,-41,21,92,104,-112,180,71,-8,-101,10,-120,-119,-143,-87,-87,-99,-130,-19,-171,99,-129,177,-1,62,111,520,177,528,386,492,517,592,417,29999,29999]} 1. e4 e5 2. Nf3 Nc6 3. Nc3 Bc5 4. Bc4 Nf6 5. d3 h6 6. O-O O-O 7. Bd2 d6 8. h3 Be6 9. Bb5 Ne7 10. a3 Ng6 11. b4 Bb6 12. Ne2 d5 13. Bc3 Qd6 14. Ng3 d4 15. Bb2 a5 16. c3 Nf4 17. Kh2 Rfd8 18. c4 c5 19. bxc5 Bxc5 20. Nh4 g6 21. Bc1 N6h5 22. Re1 Kg7 23. Ne2 f6 24. g4 Nxe2 25. gxh5 Nf4 26. Rg1 g5 27. Ba4 Kf7 28. Ng6 Nxh3 29. Rg2 Nf4 30. Bxf4 exf4 31. Qf3 Bxa3 32. e5 Qb4 33. Qd1 Bf5 34. Rb1 Qc5 35. Rxb7+ Kg8 36. Ne7+ Kf8 37. Nxf5 Qxe5 38. Nxh6 f3+ 39. Rg3 Qe2 40. Rf7# 1-0